| 000 | 00761nam a2200241Ia 4500 | ||
|---|---|---|---|
| 003 | OSt | ||
| 005 | 20220923224336.0 | ||
| 006 | a|||||r|||| 00| 0 | ||
| 007 | ta | ||
| 008 | Pun | ||
| 024 | _a231,469 | ||
| 037 | _cTextual | ||
| 040 |
_aARTS _cARTS _bPun |
||
| 041 |
_2Pun _aPun |
||
| 082 | _aO1530a44, P2 | ||
| 100 | _aਹਰਚਰਨ ਕੈਰ, ਥਦ. | ||
| 245 | 0 |
_aਪੰਜਾਬੀ ਤੇ ਭਾਰਤੀ ਸਾਹਿਤ _b ਤੁਲਨਾ ਤੋਜ਼ ਮੰਵਾਦ ਤਕ |
|
| 260 |
_aਦਿੱਲੀ _b ਪੰਜਾਬੀ ਅਕਾਦਮੀ _c2002 |
||
| 300 |
_a180ਪੰ _ccm. |
||
| 650 | _aਪੰਜਾਬੀ ਸਾਹਿਤ | ||
| 942 |
_hO1530a44, P2 _cTEXL _2CC |
||
| 999 |
_c370819 _d370819 |
||